| 000 | 00328nam a22001337a 4500 | ||
|---|---|---|---|
| 082 |
_a940.4 _bMIL |
||
| 100 |
_aHMSO _940682 |
||
| 245 | _aMILITARY OPERATIONS EGYPT AND PALESTINE | ||
| 260 |
_aLondon _bHMSO _c1930 |
||
| 300 | _axi, 394 p; | ||
| 526 |
_a0 _b0 _c0 _d940_400000000000000_MIL |
||
| 650 |
_amce _9379 |
||
| 942 |
_2ddc _cBK |
||
| 999 |
_c552924 _d552924 |
||